| 000 | 00627cab a2200217 4500 | ||
|---|---|---|---|
| 001 | WB2546-02 | ||
| 008 | 090401t1989 xxu||||| |||| 00| 0 eng d | ||
| 035 | _a(Sirsi) u4085 | ||
| 041 | _aeng | ||
| 245 | _aIncentives for diversification | ||
| 260 | _c1989 | ||
| 350 | _a0 | ||
| 490 |
_aRICS News Service _vno PR34/89-90 15 November 1989 2 pages |
||
| 520 | _aGreater tax incentives are required to promote farm diversification and conservation . | ||
| 650 | _aINHERITANCE TAX | ||
| 650 | _aSITES OF SPECIAL SCIENTIFIC INTEREST | ||
| 650 | _aTAXATION | ||
| 690 | _aRURAL PRACTICE | ||
| 942 | _n0 | ||
| 948 | _c04/03/1997 | ||
| 999 |
_c2445 _d2445 |
||